Hilbert space operators and operator algebras /
Guardado en:
| Otros Autores: | |
|---|---|
| Formato: | Libro |
| Idioma: | English German |
| Publicado: |
Budapest : Amsterdam :
János Bolyai Mathematical Society ; distributed by North-Holland,
c1972.
|
| Series: | Colloquia mathematica Societatis János Bolyai ;
5 |
| Materias: | |
| Etiquetas: |
Agregar Etiqueta
Sin Etiquetas, Sea el primero en etiquetar este registro!
|
| LEADER | 03947cam a2200289 a 4500 | ||
|---|---|---|---|
| 001 | MAT.inmabb003180 | ||
| 008 | 731102s1972####hu#######b####100#0#eng## | ||
| 005 | 20130306133423.0 | ||
| 245 | 0 | 0 | |a Hilbert space operators and operator algebras / |c edited by Béla Sz.-Nagy. |
| 260 | |a Budapest : |b János Bolyai Mathematical Society ; |a Amsterdam : |b distributed by North-Holland, |c c1972. | ||
| 300 | |a 544 p. ; |c 24 cm. | ||
| 440 | 0 | |a Colloquia mathematica Societatis János Bolyai ; |v 5 | |
| 500 | |a Papers presented at a conference sponsored by the János Bolyai Mathematical Society, and held at Tihany, Hungary, Sept. 14-18, 1970. | ||
| 546 | |a Inglés y alemán. | ||
| 504 | |a Incluye referencias bibliográficas. | ||
| 505 | 0 | |a Ju. M. Berezanski u i, Generalized power moment problems -- F. A. Berezin and M. A. v Subin, Symbols of operators and quantization -- J. Bognár, Involution as operator conjugation -- F. F. Bonsall, Hermitian operators on Banach spaces -- M. S. Brodski u i, On certain invariant subspaces of dissipative operators of exponential type -- P. L. Butzer and U. West-phal, On the Cayley transform and semigroup operators -- L. A. Coburn, $C*$-algebras generated by semigroups of isometries -- J. L. B. Cooper, Group representations and integral transforms -- R. Den v cev, On commutative self-adjoint extensions of differential operators -- J. Dixmier and C. Foia c s, Sur le spectre ponctuel d'un opérateur -- R. G. Douglas and J. L. Taylor, Wiener-Hopf operators with measure kernels -- E. Durszt, A generalization of Schäffer's matrix -- C. Foia c s, A classification of doubly cyclic operators -- I. M. Gel cprime fand and V. A. Ponomarev, Problems of linear algebra and classification of quadruples of subspaces in a finite-dimensional vector space -- I. C. Gohberg and N. Ja. Krupnik, Banach algebras generated by singular integral operators -- V. I. Gorba v cuk, Self-adjoint extensions of some Hermitian operators in a space with indefinite metric -- H. Helson, Invariant subspaces of the weighted shift -- H. Helton [J. W. Helton], Operators with a representation as multiplication by $x$ on a Sobolev space -- (loose errata); I. S. Iohvidov, On the structure of the spectrum of $G$-selfadjoint and $C$-unitary operators in Hilbert space -- H. Johnen, Best approximation on the unitary group -- R. K. Juberg, On the boundedness of certain singular integral operators -- M. A. Kaashoek, On the peripheral spectrum of an element in a strict closed semi-algebra -- R. G. Kalisch [G. R. Kalisch], On the similarity of certain operators -- G. E. Kisilevski u i, On the location of invariant subspaces of dissipative operators -- I. Kováces, Power-bounded operators and finite type von Neumann algebras -- M. G. Kre u i n and H. Langer, Über die verallgemeinerten Resolventen und die charakteristische Funktion eines isometrischen Operators im Raume $ Pi_ kappa$ -- G. W. Mackey, Products of subgroups and projective multipliers -- P. Masani, Remarks on eigen-packets of self-adjoint operators -- J. D. Pincus, The determining function method in the treatment of commutator systems -- P. Rosenthal, Problems on invariant subspaces and operator algebras -- Ju. A. Rozanov, On the structure of measurable linear operators -- S. Sakai, On global type II$_{ text 1}$ $W*$-algebras -- I. Suciu, Harnack inequalities for a functional calculus -- B. Sz.-Nagy, Quasi-similarity of operators of class $C_0$ -- S. Teleman, Representations of von Neumann algebras by sheaves -- L. Zsidó, I. Cuculescu's proof for the commutant theorem. | |
| 510 | 4 | |a MR, |c 49 #11275 | |
| 020 | |a 0720420601 | ||
| 700 | 1 | |a Szokefalvi-Nagy, Béla, |d 1913- |4 edt | |
| 650 | 0 | |a Operator theory |x Congresses. | |
| 650 | 0 | |a Hilbert space |x Congresses. | |
| 650 | 0 | |a Operator algebras |x Congresses. | |
| 084 | |a 47-06 (46-06) |2 msc2000 | ||
| 010 | |a 73175256 | ||
| 040 | |a DLC |c DLC |d DLC | ||
| 041 | 0 | |a eng |a ger | |
| 859 | |h 47 |i H641 |p A-4386 |b BIB. MATEMATICA | ||
